000
00366nam a2200157Ia 4500
003
RNL
008
090707b ii f a fnsan d
040
_a
RCL
100
_a
Ghuman, Bikram Singh, ed.
_9
26090
245
_a
Sufimat ate Punjabi Sufi kaav
260
_a
Amritsar
260
_b
Waris Shah Foundation
260
_c
2009
300
_a
256p.
942
_c
BK
999
_c
22694
_d
22694